000 02186nam a2200553 i 4500
001 14371
003 KOSZ 005
005 20240405063021.0
008 070608s1971 pl a f 000 0 pol
015 _aPB 1971/3503
035 _a991038049589705066
035 _a(PL-WaBN)b20193877-48omnis_nlop
035 _ab20193877
035 _a(OCoLC)839058337
035 _a(PL)b0000002019387
035 _a(EXLNZ-48OMNIS_NETWORK)9910182388705606
040 _aWA N
_cWA N
_dKOSZ 005/RW
041 0 _apol
_beng
_brus
046 _k1971
080 _a378(438)
245 0 0 _aTrudności studentów I roku :
_bz badań w uczelniach wrocławskich : praca zbiorowa /
_cpod redakcją Stefana Kaczmarka ; Pracownia Zagadnień Rekrutacji i Toku Studiów.
260 _aWarszawa :
_bPaństwowe Wydawnictwo Naukowe,
_c1971.
300 _a133, [2] strony :
_bilustracje ;
_c24 cm.
336 _aTekst
_btxt
_2rdacontent
337 _aBez urządzenia pośredniczącego
_bn
_2rdamedia
338 _aWolumin
_bnc
_2rdacarrier
380 _aKsiążki
388 _a1901-2000
490 1 _aRaporty z Badań / Ministerstwo Oświaty i Szkolnictwa Wyższego. Międzyuczelniany Zakład Badań nad Szkolnictwem Wyższym. Pacownia Rekrutacji i Toku Studiów
500 _aRok wydania 1970.
546 _aStreszczenie w języku angielskim i rosyjskim.
650 7 _aAdaptacja społeczna
_2DBN
658 _aEdukacja i pedagogika
658 _aSocjologia i społeczeństwo
650 7 _aSocjologia
648 7 _a1901-2000
_2DBN
651 7 _aPolska
650 7 _aSzkolnictwo wyższe
655 7 _aPraca zbiorowa
650 7 _aStudenci
_2DBN
648 7 _a1945-1989
_2DBN
651 7 _aWrocław (woj. dolnośląskie ; okolice)
_2DBN
700 1 _aKaczmarek, Stefan
_d(1911-1997).
_eRedakcja
710 2 _aPaństwowe Wydawnictwo Naukowe
_4pbl.
830 0 _aRaporty z Badań - Międzyuczelniany Zakład Badań nad Szkolnictwem Wyższym.
856 _uhttp://koha.tu.koszalin.pl/cgi-bin/koha/opac-detail.pl?biblionumber=14371
_yKatalog online BPK
942 _2UKD
_cKS
999 _c14371
_d14371